| 000 | 00671nam a2200217 a 4500 | ||
|---|---|---|---|
| 999 |
_c2681 _d2681 |
||
| 001 | 2681 | ||
| 003 | BD-JhCC | ||
| 005 | 20200224134007.0 | ||
| 008 | 171105s1390 ii |||| |||| 000 0 ben d | ||
| 035 | _a(BD-JhCC)2681 | ||
| 040 |
_aBD-JhCC _dBD-JhCC |
||
| 041 | _aben | ||
| 082 |
_a891.443 _bGON 1390 |
||
| 100 | _aগঙ্গোপাধ্যায়, সুনীল | ||
| 245 |
_aসময় অসময় / _cসুনীল গঙ্গোপাধ্যায়. |
||
| 260 |
_aকলকাতা : _bকামিনী প্রকাশনী, _c1390. |
||
| 300 |
_a359 p. : _c21 cm. |
||
| 650 | _aBengali Novel | ||
| 942 |
_2ddc _cBK _02 |
||